Nástroj pre analýzu, optimalizáciu a vizualizáciu grafov získaných z GPS trajektórií

Guardado en:
Detalles Bibliográficos
Autor principal: Vilhan, Jaroslav (Autor)
Otros Autores: Nehéz, Martin (Orientador)
Formato: Manuscrito Libro
Lenguaje:eslovaco
Publicado: 2025
Materias:
Acceso en línea:http://is.stuba.sk/zp/portal_zp.pl?podrobnosti=191424
Etiquetas: Agregar Etiqueta
Sin Etiquetas, Sea el primero en etiquetar este registro!

MARC

LEADER 00000ntm a22000003a 4500
001 stuzp104043
003 SK-STU
005 20250614212539.7
007 ta
008 150427s2015----xo-----f-mn---000-0-slo-d
040 |a STU  |b slo 
041 0 |a slo 
100 1 |a Vilhan, Jaroslav  |u 035000  |4 aut  |U FEI Fakulta elektrotechniky a informatiky  |T FEI Ústav informatiky a matematiky  |X 72667  |U E050  |Y 816  |7 72667 
242 0 1 |a Tool for analysis, optimization and visualization of graphs obtained from GPS trajectories  |y eng 
245 1 0 |a Nástroj pre analýzu, optimalizáciu a vizualizáciu grafov získaných z GPS trajektórií 
260 |c 2025 
650 4 |a road network  |2 eng 
650 4 |a trajectory  |2 eng 
650 4 |a GPS  |2 eng 
650 4 |a graph  |2 eng 
650 4 |a construction  |2 eng 
650 4 |a trajektória  |2 slo 
650 4 |a graf  |2 slo 
650 4 |a cestná sieť  |2 slo 
650 4 |a GPS  |2 slo 
650 4 |a konštrukcia  |2 slo 
700 1 |a Nehéz, Martin  |u 035000  |k Z1  |4 ths  |U FEI Fakulta elektrotechniky a informatiky  |T FEI Ústav informatiky a matematiky  |X 38260  |U E050  |Y 816  |7 A0000038260 
856 4 |u http://is.stuba.sk/zp/portal_zp.pl?podrobnosti=191424